MARC

LEADER 00000nam0a2200000 4500
001 361451
005 20231102011405.0
035 |a (RuTPU)RU\TPU\retro\18779 
090 |a 361451 
100 |a 20210607d1972 m y0rusy50 ca 
101 0 |a rus 
102 |a RU 
105 |a a z 000zy 
200 1 |a Рапорт комсомольской организации АЭМФ о выполнении фестивальных мероприятий в честь X Всемирного фестиваля молодежи и студентов  |e [фотоальбом] 
210 |a Томск  |c [Б. и.]  |d 1972 
215 |a [15 л.]  |c ил. 
300 |a Нумерация страниц отсутствует 
606 1 |a Томский политехнический университет  |2 stltpush  |3 (RuTPU)RU\TPU\subj\67475  |9 83260 
606 1 |a Комсомольские организации и их работа в высшей школе  |2 stltpush  |3 (RuTPU)RU\TPU\subj\15192  |9 41456 
610 1 |a высшее образование 
610 1 |a история 
610 1 |a Томский политехнический институт 
610 1 |a 20 век 
610 1 |a комсомольцы 
610 1 |a студенты 
610 1 |a идейно-воспитательная работа 
610 1 |a идейно-политическая работа 
610 1 |a фотоальбомы 
610 1 |a Коллекция История ТПУ 
610 1 |a труды учёных ТПУ 
686 |a Ч484(2)72ТПУ  |v LBC/SL-A  |2 rubbk 
686 |a Ф75(2)174  |v LBC/SL-A  |2 rubbk 
712 0 2 |a Томский политехнический институт  |c (1944-1991)  |2 stltpush  |3 (RuTPU)RU\TPU\col\1123  |9 23521 
801 1 |a RU  |b 63413507  |c 20210607 
801 2 |a RU  |b 63413507  |c 20210812  |g RCR 
942 |c BK